Представление документа в формате MARC21

Поле Инд. ПП Название Значение
Тип записи a
Библиографический уровень b
001 Контрольный номер 65a4bec7b52c47cbb0acbfd7400cfa53
005 Дата корректировки 20250219125103.0
040 a Служба первич. каталог. РИНЦ
b Код языка каталог. rus
041 0_ a Код языка текста rus
097 a Василенко М.А.
100 1_ a Автор Мамедов Т. Р.
100 1_ a Автор Ершов Н. М.
c Титул (звания) ; кандидат физико-математических наук; доцент (должность);
i 000090824
g Прочие сведения РИНЦ AuthorID: 4886 (http://elibrary.ru/author_items.asp?authorid=4886)
k Институт системного анализа и управления; Кафедра информационных технологий
q Полное имя Ершов Николай Михайлович
u Дополнение Ершов Н. М.
245 10 a Заглавие Распознавание исторических рукописных документов с применением методов глубокого машинного обучения
773 18 t Название источника Системный анализ в науке и образовании
b Сведения об издании Университет "Дубна"
c Дубна
d Место и дата издания 2024
x ISSN 2071-9612
g Прочая информация № 3. - С. 46 - 53
w Контрольный № источника 842f6ce35afe4a8baf749e6eecbb817c
856 40 u URL https://elibrary.ru/item.asp?id=75171953
901 t Тип документа b
952 c Вид литературы статья в журнале